书目信息 |
| 题名: |
漫画·连环画欣赏
|
|
| 作者: | 李乡状 主编 | |
| 分册: | ||
| 出版信息: | 长春 吉林文史出版社 2006.01 |
|
| 页数: | 192页 | |
| 开本: | 21cm | |
| 丛书名: | 文艺经典荟萃 | |
| 单 册: | ||
| 中图分类: | J218.2 | |
| 科图分类: | ||
| 主题词: | 艺术--经典--丛书 , 绘画--技法(美术) | |
| 电子资源: | ||
| ISBN: | 7-80702-343-0 | |
| 000 | 00753nam0 2200253 450 | |
| 001 | 012006000000 | |
| 005 | 20070928091359.59 | |
| 010 | @a7-80702-343-0@dCNY22.80 | |
| 100 | @a20070307d2006 em y0chiy0110 ea | |
| 101 | 0 | @achi |
| 102 | @aCN@b220000 | |
| 105 | @ay z 000yy | |
| 200 | 1 | @a漫画·连环画欣赏@AMan Hua· Lian Huan Hua Xin Shang@f李乡状主编@FLi Xiang Zhuang Zhu Bian |
| 210 | @a长春@c吉林文史出版社@c吉林音像出版社@d2006.01 | |
| 215 | @a192页@d21cm | |
| 225 | 2 | @a文艺经典荟萃 |
| 410 | 0 | @12001 @a文艺经典荟萃 |
| 606 | 0 | @a艺术@x经典@j丛书 |
| 606 | 0 | @a绘画@x技法(美术) |
| 690 | @aJ218.2@v4 | |
| 701 | 0 | @a李乡状@ALi Xiang Zhuang@4主编 |
| 801 | 0 | @aCN@bBJSWSY@c20070928 |
| 905 | @aBZT@dJ218.2@e171 | |
| 906 | @dCNY22.80@n0@r1 | |
| 漫画·连环画欣赏/李乡状主编.-长春:吉林文史出版社:吉林音像出版社,2006.01 |
| 192页;21cm.-(文艺经典荟萃) |
| ISBN 7-80702-343-0:CNY22.80 |
| ● |
| 相关链接 |
|
|
|
正题名:漫画·连环画欣赏
索取号:J218.2/171
 
预约/预借
| 序号 | 登录号 | 条形码 | 馆藏地/架位号 | 状态 | 备注 |
| 1 | 587810 | 230159866 | 中心书库中库/ 中库017架A面2列1层17/ [索取号:J218.2/171] | 在馆 | |
| 2 | 587811 | 230159867 | 中心书库中库/ 中库017架A面2列1层27/ [索取号:J218.2/171] | 在馆 | |
| 3 | 587812 | 230159861 | 中心书库中库/ 中库017架A面2列1层28/ [索取号:J218.2/171] | 在馆 | |
| 4 | 587813 | 230159860 | 中心书库中库/ 中库017架A面2列1层32/ [索取号:J218.2/171] | 在馆 | |
| 5 | 587814 | 230159859 | 中心书库中库/ 中库017架A面2列1层35/ [索取号:J218.2/171] | 在馆 | |
| 6 | 587815 | 230159858 | 中心书库中库/ 中库017架A面2列1层31/ [索取号:J218.2/171] | 在馆 | |
| 7 | 587816 | 230159865 | 中心书库中库/ 中库017架A面2列1层19/ [索取号:J218.2/171] | 在馆 | |
| 8 | 587817 | 230159864 | 中心书库中库/ 中库017架A面2列1层29/ [索取号:J218.2/171] | 在馆 | |
| 9 | 587818 | 230159863 | 中心书库中库/ 中库017架A面2列1层33/ [索取号:J218.2/171] | 在馆 | |
| 10 | 587819 | 230159862 | 中心书库中库/ 中库017架A面2列1层26/ [索取号:J218.2/171] | 在馆 |